01204nam a2200193Ia 4500001001000000003001000010008004100020040002500061041001400086100002000100245011400120250001100234260008800245300002800333500026000361501011400621520026000735650001500995L150-1413IT-CnALBA170116s9999||||xx |||||||||||||| ||und|| aIT-CnALBAcIT-CnALBA aFRANCESE  aGUIDI FRANCESCO 0aTRATTATO TEORICO-PRATICO DI MAGNETISMO ANIMALE CONSIDERATO SOTTO IL PUNTO DI VISTA FISIOLOGICO E PEDAGOGICO.  a1a ed. aMILANObTURATI C. TIPOGRAFO EDITORE c1854 [1° Ed.:1854 - Ed.Ling.Originale: 1854] a422 p. (prefazione: 14) aSTORIA E NOZIONI PRELIMINARI. PRINCIPI PROCESSI. RISULTATI DELLA PRATICA. APPLICAZIONI UTILI. APPLICAZIONI DEL MAGNETISMO ALLE MALATTIE. MAGNETISMO E SONNAMBULISMO IN RAPPORTO ALLA MORALE E RELIGIONE. MAGNETISMO SPERIMENTALE. MAGNETISMO TRASCENDENTALE. AF aSocietà San Paolo EM - Piazza San Paolo, 14 - 12051 ALBA (CN) (non commercial uses only) ® Copyright 2017 aSTORIA E NOZIONI PRELIMINARI. PRINCIPI PROCESSI. RISULTATI DELLA PRATICA. APPLICAZIONI UTILI. APPLICAZIONI DEL MAGNETISMO ALLE MALATTIE. MAGNETISMO E SONNAMBULISMO IN RAPPORTO ALLA MORALE E RELIGIONE. MAGNETISMO SPERIMENTALE. MAGNETISMO TRASCENDENTALE. AF aPSICOLOGIA